These My Words: (Record no. 78417)

MARC details
000 -LEADER
fixed length control field 00735nam a22002177a 4500
005 - DATE AND TIME OF LATEST TRANSACTION
control field 20130816115405.0
010 ## - LCCN (DPL NO)
LC control number B-504818-819
020 ## - INTERNATIONAL STANDARD BOOK NUMBER
International Standard Book Number 9780143414537
Terms of availability 499.00
035 ## - SYSTEM CONTROL NUMBER
System control number B-504818-819
037 ## - SOURCE OF ACQUISITION
Stock number KKP/VEN
082 ## - DEWEY DECIMAL CLASSIFICATION NUMBER
Classification number 881
100 ## - MAIN ENTRY--PERSONAL NAME
Personal name Souza, DE Eunice
245 ## - TITLE STATEMENT
Title These My Words:
Remainder of title The penguin book of indian poetry/
Statement of responsibility, etc by Eunice DE Souza
260 ## - PUBLICATION, DISTRIBUTION, ETC. (IMPRINT)
Place of publication, distribution, etc New Delhi
Name of publisher, distributor, etc Penguin
Date of publication, distribution, etc 2012
270 ## - ADDRESS
Address 11 community centre, panchsheel park
City New Delhi
Postal code 110017
300 ## - PHYSICAL DESCRIPTION
Extent xxx,446p.
Dimensions 15cm.(pbk)
500 ## - GENERAL NOTE
General note include copyright acknowledments
700 ## - ADDED ENTRY--PERSONAL NAME
Personal name Silgardo, Melanie
942 ## - ADDED ENTRY ELEMENTS (KOHA)
Source of classification or shelving scheme Dewey Decimal Classification
Item type English Books
Call number suffix THE
Classification part 881
Holdings
Withdrawn status Lost status Not for loan Collection code Home library Current library Date acquired Source of acquisition Cost, normal purchase price Full call number Barcode Copy number Cost, replacement price Koha item type
      Non-fiction Central Library Central Library 16/08/2013 KKP/BL2985/11.03.013/17/11.03.2013/0.03.2013 499.00 881 THE B-504818 1 499.00 English Books
      Non-fiction Shahdara Branch Shahdara Branch 16/08/2013 KKP/BL2985/11.03.013/17/11.03.2013/0.03.2013 499.00 881 THE B-504819 1 499.00 English Books

© Delhi Public Library
Hit Counter
free hit counter